Pineapple: production and processing. (Record no. 164827)

MARC details
000 -LEADER
fixed length control field 00579nam a2200217Ia 4500
003 - CONTROL NUMBER IDENTIFIER
control field OSt
005 - DATE AND TIME OF LATEST TRANSACTION
control field 20230516112439.0
008 - FIXED-LENGTH DATA ELEMENTS--GENERAL INFORMATION
fixed length control field 210423s2012 xx 000 0 und d
020 ## - INTERNATIONAL STANDARD BOOK NUMBER
International Standard Book Number 9788170357582
040 ## - CATALOGING SOURCE
Transcribing agency AL
041 ## - LANGUAGE CODE
Language code of text/sound track or separate title eng
082 ## - DEWEY DECIMAL CLASSIFICATION NUMBER
Classification number 664.8 SIND
Edition number 23
100 ## - MAIN ENTRY--PERSONAL NAME
Personal name SINGH (Desh Beer).
9 (RLIN) 105025
245 ## - TITLE STATEMENT
Title Pineapple: production and processing.
260 ## - PUBLICATION, DISTRIBUTION, ETC.
Place of publication, distribution, etc. New Delhi
Name of publisher, distributor, etc. Daya Publishing House
Date of publication, distribution, etc. 2012
300 ## - PHYSICAL DESCRIPTION
Extent vi,320
Other physical details HB
365 ## - TRADE PRICE
Price amount 1200
Currency code INR
650 ## - SUBJECT ADDED ENTRY--TOPICAL TERM
Topical term or geographic name entry element Fruits & Vegetables
9 (RLIN) 105026
906 ## - LOCAL DATA ELEMENT F, LDF (RLIN)
a Pineapple:production ; processing.
942 ## - ADDED ENTRY ELEMENTS (KOHA)
Source of classification or shelving scheme Dewey Decimal Classification
Koha item type Book
Holdings
Withdrawn status Lost status Damaged status Not for loan Collection code Home library Current library Date acquired Cost, normal purchase price Total Checkouts Full call number Barcode Date last seen Price effective from Koha item type
        Food Science and Technology St Aloysius PG Library St Aloysius PG Library 06/26/2013 1200.00   664.8 SIND PG011325 08/24/2022 04/26/2021 Book